Lavado de activos y la incautación de bienes como medida cautelar

El propósito de la investigación fue analizar cómo el Estado se protege del lavado de activos a través de medidas cautelares de incautación de bienes, que en muchos casos la afectación de los bienes patrimoniales a terceros es excesiva, en la medida que los actuales propietarios adquirieron los bien...

Descripción completa

Guardado en:  
Detalles Bibliográficos
Autores principales: Castillo Palomo, Yasmin Sara (Autor) ; Núñez Untiveros, Jesús Enrique (Autor) ; Núñez Lira, Luis Alberto (Autor)
Tipo de documento: Electrónico Libro
Lenguaje:Español
Publicado: 2020
En:Año: 2020
Acceso en línea: Volltext (kostenfrei)
Verificar disponibilidad: HBZ Gateway

MARC

LEADER 00000cam a22000002c 4500
001 1866922637
003 DE-627
005 20250113054919.0
007 cr uuu---uuuuu
008 231021s2020 xx |||||o 00| ||spa c
035 |a (DE-627)1866922637 
035 |a (DE-599)KXP1866922637 
040 |a DE-627  |b ger  |c DE-627  |e rda 
041 |a spa 
084 |a 2,1  |2 ssgn 
100 1 |a Castillo Palomo, Yasmin Sara  |e VerfasserIn  |4 aut 
245 1 0 |a Lavado de activos y la incautación de bienes como medida cautelar 
264 1 |c 2020 
336 |a Text  |b txt  |2 rdacontent 
337 |a Computermedien  |b c  |2 rdamedia 
338 |a Online-Ressource  |b cr  |2 rdacarrier 
520 |a El propósito de la investigación fue analizar cómo el Estado se protege del lavado de activos a través de medidas cautelares de incautación de bienes, que en muchos casos la afectación de los bienes patrimoniales a terceros es excesiva, en la medida que los actuales propietarios adquirieron los bienes con buena fe. Por ello, los presupuestos establecidos por la Primera Fiscalía Supra Provincial de Lavado de Activos y Pérdida de Dominio, genera afectación en los investigados, donde el titular de la acción penal -Ministerio Público- genera efectos muchas veces desproporcionados. La investigación utilizó una metodología cualitativa, donde se triangularon metodologías, hallazgos y entrevistas a expertos -Fiscales Superiores Nacionales y Supranacionales- en la temática. Esta metodología ha permitido, a pesar de las controversias, generar opiniones y conclusiones sobre el efecto de estas acciones y que permitirán tener una perspectiva sobre los efectos de los procedimientos procesales y hacer de conocimiento de la colectividad jurídica los efectos que acarrearía la aplicación de las medidas de manera desproporcionada 
700 1 |a Núñez Untiveros, Jesús Enrique  |e VerfasserIn  |4 aut 
700 1 |a Núñez Lira, Luis Alberto  |e VerfasserIn  |4 aut 
856 4 0 |u https://core.ac.uk/download/326639893.pdf  |x Verlag  |z kostenfrei  |3 Volltext  |7 0 
935 |a mkri 
951 |a BO 
ELC |a 1 
LOK |0 000 xxxxxcx a22 zn 4500 
LOK |0 001 4394732697 
LOK |0 003 DE-627 
LOK |0 004 1866922637 
LOK |0 005 20231021043635 
LOK |0 008 231021||||||||||||||||ger||||||| 
LOK |0 035   |a (DE-2619)CORE86590075 
LOK |0 040   |a DE-2619  |c DE-627  |d DE-2619 
LOK |0 092   |o n 
LOK |0 852   |a DE-2619 
LOK |0 852 1  |9 00 
LOK |0 935   |a core 
LOK |0 939   |a 21-10-23  |b l01 
OAS |a 1 
ORI |a SA-MARC-krimdoka001.raw